England or Scotland? Quiz Stats

 Plays Quiz Updated May 9, 2015

Also try: Scot or Not
Challenge
Share
Tweet
Embed
Score 0/30 Timer 04:00
10 Plays Today
Place (E)ngland or (S)cotland? % Correct
Luton???
84.9%
Grimsby???
82.6%
Chester-le-Street???
81.9%
Kettering???
78.9%
Penzance???
78.6%
Lesmahagow???
77.9%
Carlisle???
75.7%
Perth???
74.6%
Gretna???
74.3%
Anstruther???
72.8%
Nuneaton???
72.7%
Bridge of Allan???
72.2%
Berwick-upon-Tweed???
72.1%
Golspie???
71.5%
Haworth???
69.6%
Place (E)ngland or (S)cotland? % Correct
Westward Ho!???
68.4%
Bognor Regis???
66.8%
Scotch Corner???
64.8%
Beer???
64.2%
Wemyss???
62.1%
Teignmouth???
60%
Portree???
59.8%
Ullapool???
59.6%
Ellon???
59.2%
Bishopbriggs???
55.7%
Hawick???
54.5%
Bearsden???
54.4%
Ayr???
49.7%
Fazakerley???
47%
Uddingston???
44.4%

You're not logged in!

Compare scores with friends on all Sporcle quizzes.
Join for Free
OR
Log In

You Might Also Like...

Show Comments

Extras

Top Quizzes Today


Score Distribution

Your Account Isn't Verified!

In order to create a playlist on Sporcle, you need to verify the email address you used during registration. Go to your Sporcle Settings to finish the process.

Report this User

Report this user for behavior that violates our Community Guidelines.

Details: